Atacama: desierto de la discordia. Minería y política internacional en Bolivia, Chile y Perú.

Guardat en:
Dades bibliogràfiques
Autor principal: Zapata, Francisco (autor)
Format: Llibre
Publicat: México, D.F., México: El Colegio de México, 1992.
Edició:Primera edición
Matèries:
Etiquetes: Afegir etiqueta
Sense etiquetes, Sigues el primer a etiquetar aquest registre!

MARC

LEADER 00000cam a2200000 a 4500
001 UCC8698
003 CL-VaPUC
005 20241021163322.0
008 241021t1992 ||||| |||| 00| 0 eng d
999 |c 374950  |d 374948 
020 |a 968-12-0521-9 
040 |c Pontificia Universidad Católica de Valparaíso 
082 0 4 |a 327.98384  |b ZAP  |2 21 
100 |a Zapata, Francisco  |e autor  |9 464564 
245 1 0 |a Atacama: desierto de la discordia. Minería y política internacional en Bolivia, Chile y Perú. 
250 |a Primera edición 
260 |a México, D.F., México:  |b El Colegio de México,  |c 1992. 
300 |a 177 páginas. 
500 |a c. Fondo Budge. Donación profesor Sr. Eduardo Cavieres. 05-08-2019. 
583 |a last modification  |c 20190809 11:18:00  |k Rodrigo Vera 
650 0 |a Relaciones Internacionales  |9 255740 
650 0 |a Problemas limítrofes  |9 266724  |z Chile  |z Perú  |z Bolivia   |y Siglo 20 
942 |c BK  |2 ddc 
945 |d 20190809 11:18:00  |a dcastane 
952 |0 0  |1 0  |3 erb  |4 0  |6 327_983840000000000_ZAP_1992  |7 0  |8 X  |9 493735  |a FDOBUD  |b FDOBUD  |i 559541K  |o 327.98384 ZAP 1992  |p 559541K  |r 2019-11-24  |w 2019-11-24  |y BK_X  |z Catalogado en:20190809  |k BUD